00933nab a22002057a 4500003000400000005001700004008004100021040000700062100002600069245023600095260004200331300001100373500003700384505008900421650002000510650002400530650002400554650003400578773011500612OSt20260223141040.0190506c xxu||||| |||| 00| 0 spa d cPJ aDíaz, Viviana Laura13aLa neuroergonomía cognitiva como factor clave en la prevención de los riesgos laborales, motivados por el cambio climático. Cerebro - riesgos laborales - ambiente :buna triada en continua evolución /cViviana Laura Díaz. aBuenos Aires :bAbeledoPerrot,c2024. ap. 3-8 aCita: TR LALEY AR/DOC/1395/2024. t¿Te interesa el texto completo? Comunicate al correo: koha@justierradelfuego.gov.ar 0aDERECHO LABORAL 0aRIESGOS DEL TRABAJO 0aINCAPACIDAD LABORAL 0aLEY SOBRE RIESGOS DEL TRABAJO0 02751dBuenos Aires : AbeledoPerrot, 2013-tRevista de derecho laboral y seguridad social. Nº 13 - Julio 2024